000 00403 a2200169 4500
001 72756
020 _a8508093357
040 _cAnchieta - Colégio São Paulo
100 _aDante, Luiz Roberto
240 1 0 _aMatemática contexto e aplicações
_lpor
245 1 0 _aMatemática contexto e aplicações
300 _a624
362 0 _a2004
440 1 _aÁtica
650 4 _aMatemática
942 _cBK
999 _c72756
_d72756